Jenaische Zeitschrift für Naturwissenschaft /

Gardado en:
Detalles Bibliográficos
Novo título:Jenaische Zeitschrift für Medizin und Naturwissenschaft.
Título anterior:Jenaische Zeitschrift für Medizin und Naturwissenschaft.
Autor Corporativo: Medizinisch-Naturwissenschaftliche Gesellschaft zu Jena
Formato: Revista
Idioma:German
Publicado: Jena : Fischer, 1874-1943.
Subjects:
LEADER 04334cas a2200781 a 4500
001 c000403045
003 CARM
005 20190415125640.0
008 190329d18741943gw u p 0 b0ger d
019 1 |a 69843696  |5 LACONCORD2021 
035 |a (OCoLC)220542234  |5 LACONCORD2021 
040 |a TU  |b eng  |c TU  |d NAMU 
222 0 |a Jenaische Zeitschrift für Naturwissenschaft 
245 0 0 |a Jenaische Zeitschrift für Naturwissenschaft /  |c hrsg. von der Medizinisch-naturwissenschaft-lichen Gesellschaft zu Jena. 
260 |a Jena :  |b Fischer,  |c 1874-1943. 
300 |a 66 v. :  |b ill. ;  |c 24 cm. 
362 0 |a Bd. 8 (1874) - Bd. 73 (1943) 
500 |a Vols. 8-11 published by H. Dufft. 
515 |a Vols. 8- are numbered also "Neue folge, 1-bd." 
555 |a Bd.1 (1864) - Bd.30 (1896), in 1899 
650 0 |a Science  |v Periodicals. 
650 0 |a Medicine  |v Periodicals. 
650 0 |a Natural history  |v Periodicals. 
710 2 |a Medizinisch-Naturwissenschaftliche Gesellschaft zu Jena. 
780 0 0 |a Jenaische Zeitschrift für Medizin und Naturwissenschaft. 
785 0 0 |a Jenaische Zeitschrift für Medizin und Naturwissenschaft.  |g (1944- ) 
852 8 |b CARM  |i B12726  |p 0653618  |j 20:1(1887)-22:3/4(1888)  |f SE 
852 8 |b CARM  |i B12757  |p 0654334  |j 23:1(1888)-31:3/4(1898)  |f SE 
852 8 |b CARM  |i B12746  |p 0654169  |j 32:1/2(1898)-38:4(1904)  |f SE 
852 8 |b CARM  |i B12721  |p 0653490  |j 39:1(1904)-41:4(1906)  |f SE 
852 8 |b CARM  |i B12756  |p 0654333  |j 42:1(1906)-44:2/4(1909)  |f SE 
852 8 |b CARM  |i B12720  |p 0653489  |j 45:1(1909)-48:4(1912)  |f SE 
852 8 |b CARM  |i B12753  |p 0654332  |j 49:1(1912)-51:4(1914)  |f SE 
852 8 |b CARM  |i B12722  |p 0653491  |j 52:1(1914)-52:3(1914)  |f SE 
852 8 |b SCAN  |h A3:AH02B0  |i B12753  |p 0654332  |f SE 
852 8 |b SCAN  |h A3:AH04B0  |i B12746  |p 0654169  |f SE 
852 8 |b SCAN  |h A3:AH08B0  |i B12726  |p 0653618  |f SE 
852 8 |b SCAN  |h A3:AH10B0  |i B12720  |p 0653489  |f SE 
852 8 |b SCAN  |h A3:AH10B0  |i B12721  |p 0653490  |f SE 
852 8 |b SCAN  |h A3:AH10B0  |i B12722  |p 0653491  |f SE 
852 8 |b SCAN  |h A3:AI01B0  |i B12756  |p 0654333  |f SE 
852 8 |b SCAN  |h A3:AI01B0  |i B12757  |p 0654334  |f SE 
852 8 |b SCAN  |h A3:AH10B0  |i B12720  |p 0653489  |f SE 
852 8 |b SCAN  |h A3:AH10B0  |i B12721  |p 0653490  |f SE 
852 8 |b SCAN  |h A3:AH10B0  |i B12722  |p 0653491  |f SE 
852 8 |b SCAN  |h A3:AH08B0  |i B12726  |p 0653618  |f SE 
852 8 |b SCAN  |h A3:AH04B0  |i B12746  |p 0654169  |f SE 
852 8 |b SCAN  |h A3:AH02B0  |i B12753  |p 0654332  |f SE 
852 8 |b SCAN  |h A3:AI01B0  |i B12756  |p 0654333  |f SE 
852 8 |b SCAN  |h A3:AI01B0  |i B12757  |p 0654334  |f SE 
866 0 |a 20:1(1887)-52:3(1914) 
999 f f |i 3c33c4d3-720f-5409-a3d0-3f9d33c24181  |s 11bd8160-69e8-58cf-a60d-d8573f6c6720 
952 f f |p Can circulate  |a CAVAL  |b CAVAL  |c CAVAL  |d CARM 1 Store  |e B12720  |h Other scheme  |i book  |k 45:1(1909)-48:4(1912)  |m 0653489 
952 f f |p Can circulate  |a CAVAL  |b CAVAL  |c CAVAL  |d CARM 1 Store  |e B12756  |h Other scheme  |i book  |k 42:1(1906)-44:2/4(1909)  |m 0654333 
952 f f |p Can circulate  |a CAVAL  |b CAVAL  |c CAVAL  |d CARM 1 Store  |e B12722  |h Other scheme  |i book  |k 52:1(1914)-52:3(1914)  |m 0653491 
952 f f |p Can circulate  |a CAVAL  |b CAVAL  |c CAVAL  |d CARM 1 Store  |e B12753  |h Other scheme  |i book  |k 49:1(1912)-51:4(1914)  |m 0654332 
952 f f |p Can circulate  |a CAVAL  |b CAVAL  |c CAVAL  |d CARM 1 Store  |e B12726  |h Other scheme  |i book  |k 20:1(1887)-22:3/4(1888)  |m 0653618 
952 f f |p Can circulate  |a CAVAL  |b CAVAL  |c CAVAL  |d CARM 1 Store  |e B12757  |h Other scheme  |i book  |k 23:1(1888)-31:3/4(1898)  |m 0654334 
952 f f |p Can circulate  |a CAVAL  |b CAVAL  |c CAVAL  |d CARM 1 Store  |e B12746  |h Other scheme  |i book  |k 32:1/2(1898)-38:4(1904)  |m 0654169 
952 f f |p Can circulate  |a CAVAL  |b CAVAL  |c CAVAL  |d CARM 1 Store  |e B12721  |h Other scheme  |i book  |k 39:1(1904)-41:4(1906)  |m 0653490 
952 f f |a CAVAL  |b CAVAL  |c CAVAL  |d Unmapped Location  |e B12720  |f A3:AH10B0  |h Other scheme 
952 f f |a CAVAL  |b CAVAL  |c CAVAL  |d Unmapped Location  |e B12746  |f A3:AH04B0  |h Other scheme 
952 f f |a CAVAL  |b CAVAL  |c CAVAL  |d Unmapped Location  |e B12753  |f A3:AH02B0  |h Other scheme 
952 f f |a CAVAL  |b CAVAL  |c CAVAL  |d Unmapped Location  |e B12726  |f A3:AH08B0  |h Other scheme 
952 f f |a CAVAL  |b CAVAL  |c CAVAL  |d Unmapped Location  |e B12756  |f A3:AI01B0  |h Other scheme 
952 f f |a CAVAL  |b CAVAL  |c CAVAL  |d Unmapped Location  |e B12722  |f A3:AH10B0  |h Other scheme 
952 f f |a CAVAL  |b CAVAL  |c CAVAL  |d Unmapped Location  |e B12757  |f A3:AI01B0  |h Other scheme 
952 f f |a CAVAL  |b CAVAL  |c CAVAL  |d Unmapped Location  |e B12721  |f A3:AH10B0  |h Other scheme